000
00308nam a22001337a 4500
020
_a
978-81-291-4207-8
082
_a
823
_b
BON/W
100
_a
BOND, RUSKIN
245
_a
THE WHITE TIGER AND OTHER STORIES
260
_a
DELHI
_b
RUPA PUBLICATIONS
_c
2016
300
_a
139
650
_a
NOVEL
_z
INDIA
942
_c
BK
999
_c
2621
_d
2621